| 000 | 00979nam a22003137a 4500 | ||
|---|---|---|---|
| 003 | CHAP | ||
| 005 | 20220329140838.0 | ||
| 008 | 971013s1974 r 00010 d | ||
| 010 | _a58526 | ||
| 011 | _a59498 | ||
| 035 | _a63656 | ||
| 040 | _cCHAP | ||
| 090 | _aFolleto 3857 | ||
| 100 | 0 | 0 |
_aSutcliffe, James F. _9110792 |
| 245 | _aPlants and mineral salts | ||
| 260 |
_aLondon : _bArnold, _c1974 |
||
| 300 |
_a58 p. _b: láms. ; gráfs. |
||
| 490 |
_aInstitute of Biology's. Studies in biology _v; 48 |
||
| 590 |
_aBATCH-UPD _b10 _c20130110 _lUCH01 _h0351 |
||
| 590 |
_aBATCH-UPD _b10 _c20130110 _lUCH01 _h1841 |
||
| 590 |
_aCONVERSION _b10 _c20130109 _lUCH01 _h1331 |
||
| 650 | 1 | 4 |
_aPlantas _xEfecto de la sal. _988817 |
| 650 | 1 | 4 |
_aPlantas _xElementos minerales. _988823 |
| 700 | 0 |
_aBaker, Dennis A. _99534 |
|
| 830 | 0 |
_aInstitute of Biology's. Studies in biology _v; 48 _959025 |
|
| 901 | _aBK | ||
| 942 | _cFOLL | ||
| 949 |
_aFolleto 3857 _bBC _cFOLL _d-137064 _eTS1 _i63656 _si |
||
| 999 |
_c58526 _d58526 |
||